Quality service teamwork. (Record no. 18085)

000 -LEADER
fixed length control field 00465nam a22001697a 4500
003 - CONTROL NUMBER IDENTIFIER
control field OkBaRHE
005 - DATE AND TIME OF LATEST TRANSACTION
control field 20120203123056.0
008 - FIXED-LENGTH DATA ELEMENTS--GENERAL INFORMATION
fixed length control field 120201t xxu||||| |||| 00| 0 eng d
040 ## - CATALOGING SOURCE
Transcribing agency OkBaRHE
050 ## - LIBRARY OF CONGRESS CALL NUMBER
Classification number BV 5415.5
Item number .S87
100 ## - MAIN ENTRY--PERSONAL NAME
Personal name Successories library
9 (RLIN) 1955
245 ## - TITLE STATEMENT
Title Quality service teamwork.
Statement of responsibility, etc The foundations of excellence.
260 ## - PUBLICATION, DISTRIBUTION, ETC. (IMPRINT)
Name of publisher, distributor, etc Successories, Inc.
Date of publication, distribution, etc 1998
300 ## - PHYSICAL DESCRIPTION
Extent 43 p.
Dimensions 23 cm.
650 ## - SUBJECT ADDED ENTRY--TOPICAL TERM
Topical term or geographic name as entry element Customer service.
9 (RLIN) 1956
942 ## - ADDED ENTRY ELEMENTS (KOHA)
Source of classification or shelving scheme
Koha item type Books
Copies
Withdrawn status Lost status Date acquired Not for loan Copy number Koha item type Full call number Damaged status Current Location Price effective from Shelving location Permanent Location Source of classification or shelving scheme Date last seen Barcode
  2012-02-01 1BooksBV 5415.5 .S87 RHEMA Bible Training College2012-02-01General StacksRHEMA Bible Training College 2012-02-0322437